[Event "Agneaux St Lo U16 op 17th"]
[Site "Agneaux"]
[Date "2016.07.11"]
[Round "6.2"]
[White "Gits, Alexis"]
[Black "Maters, Arthur"]
[Result "1-0"]
[WhiteElo "1940"]
[BlackElo "1703"]
[PlyCount "101"]
[EventDate "2016.07.??"]
[EventType "swiss"]
[EventRounds "9"]
[EventCountry "FRA"]
[SourceTitle "EXT 2024"]
[Source "ChessBase"]
[SourceDate "2023.10.10"]
[SourceVersion "1"]
[SourceVersionDate "2023.10.10"]
[SourceQuality "1"]

1. e4 c5 2. Nf3 Nc6 3. d4 cxd4 4. Nxd4 e5 5. Nb5 d6 6. N1c3 a6 7. Na3 b5 8. Nd5 Nf6 9. Bg5 Be7 10. Bxf6 Bxf6 11. c3 0-0 12. Be2 Bg5 13. Bg4 Ne7 14. Nxe7+ Qxe7 15. Nc2 Be6 16. Bxe6 fxe6 17. Qd3 Qf6 18. 0-0 Rfd8 19. a4 bxa4 20. Rxa4 Qg6 21. Nb4 d5 22. Nc6 dxe4 23. Qxe4 Qxe4 24. Rxe4 Rd2 25. h4 Bf6 26. Rb1 Rd5 27. Rbe1 Rd2 28. b4 Rc2 29. c4 Kf7 30. c5 Rb2 31. Rd1 Rc8 32. Rd6 Rc7 33. Na5 Ra7 34. Rb6 Bd8 35. Nc6 Ra8 36. Nxe5+ Ke7 37. Nc6+ Kf7 38. Nxd8+ Rxd8 39. Rxa6 Rd1+ 40. Kh2 Rdb1 41. Rf4+ Kg6 42. Rxe6+ Kh5 43. Ree4 Rc2 44. Rc4 Rbc1 45. Rxc2 Rxc2 46. g3 h6 47. Kg2 g5 48. hxg5 hxg5 49. Rf8 Rc4 50. Rb8 g4 51. Rb6 1-0